| Tag |
First Indicator |
Second Indicator |
Subfields |
| LEADER |
00000cam a2200000 a 4500 |
| 001 |
in00000010640 |
| 005 |
20151007051421.0 |
| 008 |
871009s1987 fr r i00010 eng d |
| 020 |
|
|
|a 926402963X :
|c 120F
|
| 035 |
|
|
|a (OCoLC)16834530
|
| 035 |
|
|
|9 AAA2863AM
|
| 040 |
|
|
|a TVA
|c TVA
|d PIT
|d TXA
|d UtOrBLW
|
| 041 |
0 |
|
|a eng
|a fre
|
| 043 |
|
|
|a cc-----
|
| 049 |
|
|
|a TXAM
|c [A12567748]
|
| 050 |
|
4 |
|a HD77.5.C27
|b O73 1987
|
| 110 |
2 |
|
|a Organisation for Economic Co-operation and Development.
|b Development Centre.
|
| 245 |
1 |
0 |
|a Register of development research projects concerning the English- speaking Caribbean /
|c OECD Development Centre [and] Institute of Social and Economic Research, University of the West Indies = Répertoire des projets de recherche sur le développement dans les pays anglophones des Caraïbes / Centre de développement de l'OCDE.
|
| 246 |
3 |
1 |
|a Répertoire des projets de recherche sur le développement dans les pays anglophones des Caraïbes
|
| 264 |
|
1 |
|a Paris :
|b Organisation for Economic Co-operation and Development ;
|c [1987]
|
| 264 |
|
2 |
|a Washington, D.C. :
|b OECD Publications and Information Centre, [distributor],
|
| 264 |
|
4 |
|c ©1987
|
| 300 |
|
|
|a xvi, 320 pages ;
|c 27 cm.
|
| 336 |
|
|
|a text
|b txt
|2 rdacontent
|
| 337 |
|
|
|a unmediated
|b n
|2 rdamedia
|
| 338 |
|
|
|a volume
|b nc
|2 rdacarrier
|
| 500 |
|
|
|a French and English.
|
| 650 |
|
0 |
|a Economic development
|x Research
|z Caribbean Area
|x Directories.
|
| 650 |
|
0 |
|a Social sciences
|x Research
|z Caribbean Area
|x Directories.
|
| 651 |
|
0 |
|a Caribbean Area
|x Economic conditions
|x Research
|x Directories.
|
| 651 |
|
0 |
|a Caribbean Area
|x Social conditions
|x Research
|x Directories.
|
| 710 |
2 |
|
|a University of the West Indies (Mona, Jamaica).
|b Institute of Social and Economic Research.
|
| 740 |
0 |
|
|a Répertoire des projets de recherche sur le développement dans les pays anglophones des Caraïbes.
|
| 740 |
0 |
|
|a Development research projects concerning the English-speaking Caribbean.
|
| 999 |
|
|
|a MARS
|
| 999 |
f |
f |
|s d71f28da-09d3-39c7-bedd-ec1d30d26a37
|i d48e83ca-f353-3ef7-8dd7-913535ee115d
|t 0
|
| 952 |
f |
f |
|p ric
|a Texas A&M University
|b Rellis Campus
|c Joint Library Facility
|d Remote Storage
|t 0
|e HD77.5.C27 O73 1987
|h Library of Congress classification
|i unmediated -- volume
|m A14812567748
|
| 998 |
f |
f |
|a HD77.5.C27 O73 1987
|t 0
|l Remote Storage
|